Statystyki dla "Harry Potter" quiz

Kliknij tutaj aby rozwiązać quiz!

Ogólne statystyki

  • Ten quiz został rozwiązany 242 razy
  • Średni wynik to 8 z 10

Statystyki odpowiedzi

ZagadnienieOdpowiedź% Poprawnych
Jak Draco Malfoy nazwał Hermionę w 2 części?"szlama"
95%
Co było napisane krwią na ścianie?"Komnata Tajemnic została otwarta. Strzeżcie sie wrogowie dziedzica"
94%
Jakie było ulubione powiedzonko Hagrida?"o cholibka"
93%
W kim zakochał się Rubeus Hagrid?
92%
Jak ma naprawdę na imię Harry Potter?Harry James Potter
91%
Jak wygląda oryginalne logo Hufflepuff?
83%
jak miała na nazwisko Petunia (ciotka Harry'ego)?Dursley
64%
Do jakiego domu trafił syn Harry'ego Albus Severus Potter?Slytherin
61%
Co ile lat odbywały się Mistrzostwa Świata w quidditchu?co 4 lata
52%
Kto ukradł diadem w "Insygni Śmierci"?Helena Ravenclaw
26%

Rozkład punktacji

Percentyl według liczby udzielonych odpowiedzi

Procent ludzi z każdym wynikiem

Twoja historia wyników

Nie rozwiązałeś tego quizu